|
|
|
|
| LEADER |
02420nam a22004097a 4500 |
| 001 |
44927 |
| 003 |
BD-DhAAL |
| 005 |
20251012142736.0 |
| 008 |
251012t2021 enk b 001 0deng d |
| 010 |
|
|
|a 2002000205
|
| 020 |
|
|
|a 9780367716752 (pbk)
|
| 020 |
|
|
|a 9781859733134 (hbk)
|
| 035 |
|
|
|a 12645054
|
| 040 |
|
|
|a DLC
|c DLC
|d DLC
|d BD-DhAAL
|
| 043 |
|
|
|a e-uk-en
|a a-bg---
|
| 050 |
0 |
0 |
|a DA676.9.B44
|b G37 2002
|
| 082 |
0 |
0 |
|a 305.891440421
|2 21
|
| 100 |
1 |
|
|a Gardner, Katy,
|d 1964-
|9 47814
|
| 245 |
1 |
0 |
|a Age, narrative, and migration :
|b the life course and life histories of Bengali elders in London /
|c Katy Gardner.
|
| 246 |
1 |
8 |
|a Age, narrative and migration
|
| 260 |
|
|
|a London ;
|a New York :
|b Routledge,
|c 2021.
|
| 300 |
|
|
|a vii, 254 pages ;
|c 23 cm
|
| 504 |
|
|
|a Includes bibliographical references (pages 235-248) and index.
|
| 526 |
|
|
|a ENH
|x Gazi Md. Mizanur Rahman
Assistant Professor,
Department of English and Humanities
BRAC University
Course name: Global Migration & Transnational Community (HST 408)
|
| 541 |
|
|
|a Hye Trade International
|e 44927, 44928
|
| 650 |
|
0 |
|a Bengali (South Asian people)
|z England
|z London.
|9 59582
|
| 650 |
|
0 |
|a Older immigrants
|z England
|z London.
|9 59583
|
| 650 |
|
0 |
|a Reminiscing in old age.
|9 28502
|
| 650 |
|
0 |
|a Narration (Rhetoric)
|
| 651 |
|
0 |
|a Sylhet District (Bangladesh)
|x Emigration and immigration.
|9 59584
|
| 651 |
|
0 |
|a London (England)
|x Ethnic relations.
|9 7263
|
| 852 |
|
|
|a Ayesha Abed Library
|c General Stacks
|
| 856 |
4 |
1 |
|3 Table of contents
|u http://www.loc.gov/catdir/toc/fy034/2002000205.html
|
| 942 |
|
|
|2 ddc
|c BK
|
| 999 |
|
|
|c 47602
|d 47602
|
| 952 |
|
|
|0 0
|1 0
|2 ddc
|4 0
|6 305_891440421000000_GAR
|7 0
|9 78349
|a BRACUL
|b BRACUL
|c GEN
|d 2025-10-09
|e Hye Trade International
|g 3699.00
|l 1
|o 305.891440421 GAR
|p 3010044928
|r 2025-11-03
|s 2025-10-29
|t 2
|v 7398.00
|w 2025-10-09
|y BK
|x Requisitioned by Gazi Md. Mizanur Rahman (Assistant Professor, Department of English and Humanities, BRAC University) for the course named- 'Global Migration & Transnational Community (HST 408)'
|
| 952 |
|
|
|0 0
|1 0
|2 ddc
|4 0
|6 305_891440421000000_GAR
|7 0
|9 78350
|a BRACUL
|b BRACUL
|c NEW
|d 2025-10-09
|e Hye Trade International
|g 3699.00
|l 1
|o 305.891440421 GAR
|p 3010044927
|r 2026-01-17
|s 2026-01-17
|t 1
|v 7398.00
|w 2025-10-09
|y BK
|x Requisitioned by Gazi Md. Mizanur Rahman (Assistant Professor, Department of English and Humanities, BRAC University) for the course named- 'Global Migration & Transnational Community (HST 408)'
|